Welcome to the Holygrace Academy Library

Please use search bar below to get started

CHATHUR MOORKHA (Record no. 6916)

MARC details
000 -LEADER
fixed length control field 00255nam a22001217a 4500
020 ## - INTERNATIONAL STANDARD BOOK NUMBER
ISBN 978-93-94668-55-3
082 ## - DEWEY DECIMAL CLASSIFICATION NUMBER
Classification number 474
Item number KID/CHA
245 ## - TITLE STATEMENT
Title CHATHUR MOORKHA
260 ## - PUBLICATION, DISTRIBUTION, ETC. (IMPRINT)
Place of publication INDIA
Name of publisher MAPLE KIDS
Year of publication 2022
300 ## - PHYSICAL DESCRIPTION
Number of Pages 16
650 ## - SUBJECT ADDED ENTRY--TOPICAL TERM
Topical Term STORY
Geographic subdivision INDIA
942 ## - ADDED ENTRY ELEMENTS (KOHA)
Koha item type Books
Holdings
Withdrawn status Lost status Collection code Home library Current library Shelving location Date acquired Source of acquisition Full call number Accession Number Koha item type
    Reference Main Library Main Library NEW SHELF WITH NEW ENTRY 10/10/2023 PURCHASE 474 KID/CHA 12966 Books